| 000 | 01160nam a22002895i 4500 | ||
|---|---|---|---|
| 999 |
_c12740 _d12740 |
||
| 003 | EG-ScBUE | ||
| 005 | 20200114101903.0 | ||
| 008 | 190731s1966 le f b 000 0cara d | ||
| 040 |
_aEG-ScBUE _bara _erda _cEG-ScBUE _dEG-ScBUE |
||
| 082 | 0 | 4 |
_a892.709 _bك ر و _222 |
| 100 | 1 |
_aكرو، أبو القاسم محمد، _d1924- _eمؤلف. _98673 |
|
| 245 | 1 | 0 |
_aشخصيات أدبية : _bمن المشرق والمغرب / _cأبو القاسم محمد كرو، عبد الله شريط. |
| 250 | _aالطبعة الثانية. | ||
| 264 | 1 |
_aبيروت : _bمنشورات دار مكتبة الحياة، _c1966. |
|
| 300 |
_a334 صفحة ؛ _c24 سم |
||
| 336 |
_2rdacontent _aنص _btxt |
||
| 337 |
_2rdamedia _aبدون وسيط _bn |
||
| 338 |
_2rdacarrier _aمجلد _bnc |
||
| 504 | _aيشتمل على إرجاعات ببليوجرافية. | ||
| 590 | _aريهام | ||
| 650 | 7 |
_aالأدب العربي _xتاريخ ونقد. _2BUEsh _98727 |
|
| 650 | 7 |
_aالأدباء العرب _vتراجم _2BUEsh |
|
| 653 |
_bGGEN _cJanuary2020 |
||
| 655 | _vReading book | ||
| 700 | 1 |
_aشريط، عبد الله، _eمؤلف. _98712 |
|
| 942 |
_2ddc _cBB |
||